01747nam a22002537a 4500001000500000005001700005020001800022040002900040082001100069100001800080245012500098250010500223260003400328300005400362490003900416505000800455520063000463520017201093521002901265521002001294650011101314650003301425700003501458133120250916100258.0 a9789996305023 aFISKHbengcFISKHdFISKH a914.95 aSodany, Ouch  aនាងអ៊ីរីស / bរឿងព្រេងក្រិក : cគូររូបដោយ Isabelle Calin  aបោះពុម្ពលើកទី៦ ខែកក្កដា ឆ្នាំ​ ២០២១  aPhnom Penh : bSipar, c2021. a36 pages : bmap ; color illustrations ; c25 cm  aខ្ញុំចង់អាន  aP  aអ៊ីរីស ជាកូនស្រីអ្នកលក់អុសម្នាក់ តែនាងមានប្រាជ្ញាលើអស់មនុស្សទាំងពួង។ ដោយចង់ល្បងនាង ព្រះរាជាដែលមានប្រាជ្ញាខ្ពង់ខ្ពស់ និងមានអំណាច​បានដាក់ប្រស្នាម្ដងហើយម្ដងទៀតឳ្យនាងដោះស្រាយ។ ទីបំផុតនាងក៏បានក្លាយជាមហេសីរបស់ព្រះអង្គ។  aEris is the daughter of a wood seller, but she is wise to all. To test her, the wise and powerful king repeatedly told her the parable. She eventually became his wife. a650 bLexile estimate  aP bRaz-Plus  aប្រាជ្ញា vស្ដេច xប្រស្នា yល្បងប្រាជ្ញា  aWise vKing xParable yTest aCalin, Isabelle cillustrator